00367pam a2200133 a 4500020002400000041000500024082001700029100002000046245008400066250000700150260004100157300001800198653001700216 a978-81-239-2233-1c h a617.522bMIL aMiloro Michael. aPetersons Principles of oral and maxillofacial surgery Vol-2hTextual Documents a3. aDelhibCBS Publishers & Distributors a1619:c29*23. aOral Surgery